| 000 | 01018cam a22003137a 4500 | ||
|---|---|---|---|
| 003 | CHAP | ||
| 005 | 20220329135725.0 | ||
| 008 | 971013c19621955 r 00010 d | ||
| 010 | _a41117 | ||
| 011 | _a42089 | ||
| 035 | _a46216 | ||
| 040 | _cCHAP | ||
| 082 |
_a632.58 _bM84 1955 |
||
| 100 | 0 | 0 |
_aMuenscher, Walter Conrad. _979283 |
| 245 | 0 | _aWeeds | |
| 250 | _a2 ed. | ||
| 260 |
_aNew York : _bMacMillan, _c1962 (c.1955) |
||
| 300 | _a560 p | ||
| 504 | _aBibliografía: p. 519-531 | ||
| 590 |
_aBATCH-UPD _b10 _c20130110 _lUCH01 _h2054 |
||
| 590 |
_aCONVERSION _b10 _c20130109 _lUCH01 _h1323 |
||
| 650 | 1 | 4 |
_aMalas hierbas. _969996 |
| 901 | _aBK | ||
| 942 | _cLIBRO | ||
| 949 |
_a632.58 M84 1955 _bBC _cLIBRO _d33724000178901 _eLIBRO _h22519 _i46216 _si |
||
| 949 |
_a632.58 M84 1955 _bBC _cLIBRO _d33724000178919 _eLIBRO _fc.2 _h22520 _i46216 _so |
||
| 949 |
_a632.58 M84 1955 _bBC _cLIBRO _d33724000178927 _eLIBRO _fc.3 _h54363 _i46216 _si |
||
| 949 |
_a632.58 M84 1955 _bBC _cLIBRO _d33724000178935 _eLIBRO _fc.4 _h68965 _i46216 _si |
||
| 999 |
_c41117 _d41117 |
||